|
|
|
|
| LEADER |
00951nab a2200253 i 4500 |
| 001 |
publ652 |
| 005 |
20180719134904.0 |
| 008 |
120512s2011 hu o 0|| zxx d |
| 022 |
|
|
|a 0031-8655
|
| 024 |
7 |
|
|a 10.1111/j.1751-1097.2010.00882.x
|2 doi
|
| 024 |
7 |
|
|a 1509943
|2 mtmt
|
| 040 |
|
|
|a SZTE Publicatio Repozitórium
|b hun
|
| 041 |
|
|
|a zxx
|
| 100 |
1 |
|
|a Garaczi Edina
|
| 245 |
1 |
0 |
|a Intranasal Phototherapy Is More Effective Than Fexofenadine Hydrochloride in the Treatment of Seasonal Allergic Rhinitis
|h [elektronikus dokumentum] :
|b Results of a Pilot Study /
|c Garaczi Edina
|
| 260 |
|
|
|c 2011
|
| 300 |
|
|
|a 474-477
|
| 490 |
0 |
|
|a Photochemistry and Photobiology
|v 87 No. 2
|
| 700 |
0 |
2 |
|a Boros-Gyevi Márta
|e aut
|
| 700 |
0 |
2 |
|a Bella Zsolt
|e aut
|
| 700 |
0 |
2 |
|a Csoma Zsanett
|e aut
|
| 700 |
0 |
2 |
|a Kemény Lajos
|e aut
|
| 700 |
0 |
2 |
|a Koreck Andrea Ildikó
|e aut
|
| 856 |
4 |
0 |
|u http://publicatio.bibl.u-szeged.hu/652/1/1509943_Ge_Photochemphotobiol.pdf
|z Dokumentum-elérés
|